00792nam a22001937a 450000500170000000800410001702000180005804000270007604100080010304400070011108200170011810000360013524501090017126000600028030000660034065000750040665000820048170000350056320161128092210.0160415b2010 ck a gr|||| 00| 0 spa d a9789584465320 aCO-BoIAVH cCO-BoIAVH 0 aspa ack04a578.68bR91f1 aRueda-Almonacid, José Vicente10aFauna amenazada del departamento de Córdoba /cJosé Vicente Rueda Almonacid y José Nicolás Rueda a[Bogotá?] :bCorporación Colombia en Hechos,c2010. a86 páginas :bilustraciones a color ;c14 x 9 centímetros 6aEspecies en peligro de extinciónzCórdoba (Departamento, Colombia) 6aFaunaxEspecies en peligro de extinciónzCórdoba (Departamento, Colombia)1 aRueda, José Nicoláseautor